Religion and security in South and Central Asia / (Record no. 16324)

000 -LEADER
fixed length control field 02325cam a2200433 a 4500
001 - CONTROL NUMBER
control field 8408754
005 - DATE AND TIME OF LATEST TRANSACTION
control field 20170105102937.0
008 - FIXED-LENGTH DATA ELEMENTS--GENERAL INFORMATION
fixed length control field 100427s2011 nyu b 001 0 eng
010 ## - LIBRARY OF CONGRESS CONTROL NUMBER
LC control number 2010018047
020 ## - INTERNATIONAL STANDARD BOOK NUMBER
International Standard Book Number 9780415575904 (hardback)
020 ## - INTERNATIONAL STANDARD BOOK NUMBER
International Standard Book Number 0415575907 (hardback)
020 ## - INTERNATIONAL STANDARD BOOK NUMBER
International Standard Book Number 9780203840238 (ebook)
020 ## - INTERNATIONAL STANDARD BOOK NUMBER
International Standard Book Number 0203840232 (ebook)
024 ## - OTHER STANDARD IDENTIFIER
Standard number or code 40018784369
035 ## - SYSTEM CONTROL NUMBER
System control number (OCoLC)ocn611553143
035 ## - SYSTEM CONTROL NUMBER
System control number (OCoLC)611553143
035 ## - SYSTEM CONTROL NUMBER
System control number (NNC)8408754
040 ## - CATALOGING SOURCE
Original cataloging agency DLC
Transcribing agency DLC
Modifying agency YDX
-- YDXCP
043 ## - GEOGRAPHIC AREA CODE
Geographic area code az-----
-- ac-----
050 00 - LIBRARY OF CONGRESS CALL NUMBER
Classification number DS341
Item number .R47 2011
082 00 - DEWEY DECIMAL CLASSIFICATION NUMBER
Classification number 320.5570954
Edition number 22
Author Mark REL 2011
245 00 - TITLE STATEMENT
Title Religion and security in South and Central Asia /
Statement of responsibility, etc. edited by K. Warikoo.
260 ## - PUBLICATION, DISTRIBUTION, ETC.
Place of publication, distribution, etc. New York :
Name of publisher, distributor, etc. Routledge,
Date of publication, distribution, etc. c2011.
300 ## - PHYSICAL DESCRIPTION
Extent viii, 217 p. ;
Dimensions 25 cm.
490 1# - SERIES STATEMENT
Series statement Central Asia research forum
504 ## - BIBLIOGRAPHY, ETC. NOTE
Bibliography, etc. note Includes bibliographical references and index.
505 0# - FORMATTED CONTENTS NOTE
Formatted contents note Taliban's resurgence in Afghanistan and Pakistan / Frederic Grare -- Pakistan's slide towards Talibanisation / Sushant Sareen -- Resurgence of the Taliban and Al Qaeda in Afghanistan : implications for regional security / Deepali Gaur Singh -- Roads to perdition : the politics and practice of Islamist terrorism in India / Praveen Swami -- Islamist extremism in Kashmir / K. Warikoo -- Communal peace in India : lessons from multicultural Banaras / Priyankar Upadhyaya -- Islamist extremism and terror network in Bangladesh / Smruti S. Pattanaik -- Religious radicalism in Bangladesh : security challenges to India / C.A. Josukutty -- Hizb ut-Tahrir : the destabilising force in central Asia / Mahesh R. Debata -- Islamic radicalism in central Asia / Murat Laumulin -- Islam in contemporary Tajikistan : role of Muslim leaders / Muzaffar Olimov -- Ethnic-religious separatism in Xinjiang : challenge to China's security / K. Warikoo.
650 #0 - SUBJECT ADDED ENTRY--TOPICAL TERM
Topical term or geographic name entry element Islam and state
Geographic subdivision South Asia.
650 #0 - SUBJECT ADDED ENTRY--TOPICAL TERM
Topical term or geographic name entry element Islam and state
Geographic subdivision Asia, Central.
650 #0 - SUBJECT ADDED ENTRY--TOPICAL TERM
Topical term or geographic name entry element National security
Geographic subdivision South Asia.
650 #0 - SUBJECT ADDED ENTRY--TOPICAL TERM
Topical term or geographic name entry element National security
Geographic subdivision Asia, Central.
650 #0 - SUBJECT ADDED ENTRY--TOPICAL TERM
Topical term or geographic name entry element Islamic fundamentalism
Geographic subdivision South Asia.
650 #0 - SUBJECT ADDED ENTRY--TOPICAL TERM
Topical term or geographic name entry element Islamic fundamentalism
Geographic subdivision Asia, Central.
700 1# - ADDED ENTRY--PERSONAL NAME
Personal name Warikoo, K.
Fuller form of name (Kulbhushan),
Dates associated with a name 1951-
830 #0 - SERIES ADDED ENTRY--UNIFORM TITLE
Uniform title Central Asia research forum series.
942 ## - ADDED ENTRY ELEMENTS (KOHA)
Source of classification or shelving scheme
Koha item type Book
948 1# - LOCAL PROCESSING INFORMATION (OCLC); SERIES PART DESIGNATOR (RLIN)
Series part designator, SPT (RLIN) 20110210
b (OCLC) c
c (OCLC) vt2130
d (OCLC) MPS
Holdings
Withdrawn status Lost status Damaged status Not for loan Collection code Permanent Location Current Location Shelving location Date acquired Total Checkouts Full call number Barcode Date last seen Price effective from Koha item type
          Centre for International Peace & Stability (CIPS) Centre for International Peace & Stability (CIPS) General Stacks 03/22/2016   320.5570954 REL 2011 CIPS0002735 03/22/2016 03/22/2016 Book
© 2023 Central Library, National University of Sciences and Technology. All Rights Reserved.